WIRELES S SECURITY ARCHITECTURE (Record no. 216426)

MARC details
000 -LEADER
fixed length control field 00521nam a22001577a 4500
008 - FIXED-LENGTH DATA ELEMENTS--GENERAL INFORMATION
fixed length control field 260108b |||||||| |||| 00| 0 eng d
020 ## - INTERNATIONAL STANDARD BOOK NUMBER
International Standard Book Number 978-1-119-88305-0
100 ## - MAIN ENTRY--PERSONAL NAME
Personal name MINELLA, JENNIFER
245 ## - TITLE STATEMENT
Title WIRELES S SECURITY ARCHITECTURE
Remainder of title DESIGNING AND MAINTAINING SECURE WIRELESS FOR ENTERPRISES
260 ## - PUBLICATION, DISTRIBUTION, ETC.
Place of publication, distribution, etc. HOBOKEN, NEW JERSEY
Name of publisher, distributor, etc. WILEY
Date of publication, distribution, etc. 2022
300 ## - PHYSICAL DESCRIPTION
Extent XXXIX, 584P.
500 ## - GENERAL NOTE
General note INCLUDES INDEX
650 ## - SUBJECT ADDED ENTRY
Topical term or geographic name entry element 1. WIRELESS LANS - SECURITY MEASURES 2. COMPUTER NETWORKS
942 ## - ADDED ENTRY ELEMENTS (KOHA)
Source of classification or shelving scheme Library of Congress Classification
Koha item type Long Loan Book
Holdings
Withdrawn status Lost status Source of classification or shelving scheme Damaged status Not for loan Collection Home library Current library Shelving location Date acquired Inventory number Total checkouts Full call number Barcode Date last seen Copy number Price effective from Koha item type
    Library of Congress Classification     Science & Technology Kisii University Library Kisii University Library On Display 01/08/2026 110754   TK 5105.59 .M56 2022 000000024347 01/08/2026 C.1 01/08/2026 Long Loan Book
    Library of Congress Classification     Science & Technology Kisii University Library Kisii University Library On Display 01/08/2026 110755   TK 5105.59 .M56 2022 000000024346 01/08/2026 C.2 01/08/2026 Long Loan Book
    Library of Congress Classification     Science & Technology Kisii University Library Kisii University Library On Display 01/08/2026 110756   TK 5105.59 .M56 2022 000000024345 01/08/2026 C.3 01/08/2026 Long Loan Book
    Library of Congress Classification     Science & Technology Kisii University Library Kisii University Library On Display 01/08/2026 110757   TK 5105.59 .M56 2022 000000024344 01/08/2026 C.4 01/08/2026 Long Loan Book
    Library of Congress Classification     Science & Technology Kisii University Library Kisii University Library On Display 01/08/2026 110758   TK 5105.59 .M56 2022 000000024343 01/08/2026 C.5 01/08/2026 Long Loan Book